| 000 | 00853nam a2200241 i 4500 | ||
|---|---|---|---|
| 001 | 47814 | ||
| 003 | ES-MaACL | ||
| 005 | 20250902054526.0 | ||
| 007 | t| | ||
| 008 | 980318s1997 sp ||||0| spa j | ||
| 020 | _a84-470-0910-6 | ||
| 040 |
_aM-BN _bspa _cM-BN |
||
| 080 | _a658.012.4 | ||
| 100 | 1 |
_aMorcillo Ortega, Patricio. _983190 |
|
| 245 | 1 | 0 |
_aDirección estratégica de la tecnología e innovación _b: un enfoque de competencias / _cPatricio Morcillo Ortega. |
| 260 |
_aMadrid : _bCivitas, _c1997. |
||
| 300 |
_a254 p. : _bil. ; _c24 cm. |
||
| 490 | 1 | _aBiblioteca Civitas economía y empresa. Colección Empresa | |
| 650 | 7 |
_aDirección de empresas _2embne _9162153 |
|
| 830 | 0 | 0 |
_aBiblioteca Civitas economía y empresa. _pColección empresa _9230047 |
| 852 |
_aES-MaACL _jL-26388 _bR.132153 |
||
| 999 |
_c47814 _d47814 |
||